000 00652cab a2200229 4500
001 X2625
008 090401t1990 xxu||||| |||| 00| 0 eng d
035 _a(Sirsi) u25409
041 _aeng
100 _aMorris, M.
245 _aGood planning is the key
260 _c1990
350 _a0
490 _aChartered Builder
_v2(7) December 1990, 18-19(2)
650 _aBUILT ENVIRONMENT-BUILDING CONTRACT FORMS
650 _aJCT STANDARD FORM OF BUILDING CONTRACT (1980 EDITION)
650 _aMASTER PROGRAMME
650 _aYORKSHIRE WATER AUTHORITY V SIR ALFRED MCALPINE
690 _aBUILT ENVIRONMENT
942 _n0
948 _c04/03/1997
999 _c17063
_d17063